| 000 | 01303nam a22002177a 4500 | ||
|---|---|---|---|
| 999 |
_c168646 _d168646 |
||
| 005 | 20191018125419.0 | ||
| 010 | _aB-730572 | ||
| 020 |
_a9789353093655 _c50.00 |
||
| 035 | _aB-730572 | ||
| 037 | _bडी.बी.ए.डी./ उपहार | ||
| 082 | _aक | ||
| 100 | _aश्रीनिवासन, शालिनी | ||
| 245 |
_aलापता पानी का मामला / _cशालिनी श्रीनिवासन ; उपमन्यु भट्टाचार्य द्वारा चित्रांकित ; पुजा ओमवीर रावत द्वारा हिन्दी अनुवाद |
||
| 260 |
_aनई दिल्ली _bप्रथम बुक्स _c2018 |
||
| 270 |
_a#621, 2nd floor, 5th Main, OMBR Layout, Banaswadi, _bBengaluru _e560043 _k+91 80 42052574, 91 11 41042483 |
||
| 300 |
_a24पृ. _bसचित्र _c17x24 सेमी (अजिल्द) |
||
| 700 |
_928835 _aभट्टाचार्य, उपमन्यु |
||
| 700 |
_928836 _aरावत, पुजा ओमवीर |
||
| 942 |
_2ddc _cCH _hक _mश्रीनिवा |
||